000
00199nam a2200085 4500
001
1234623
005
20250929104406.0
245
_a
OKUMA BAHÇESİ KÜTÜPHANEDE
_c
CANSU ONURLUER
260
_b
MODEL ÇOCUK
999
_c
1234623
_d
1234623